| 000 | 00577nam a2200205 a 4500 | ||
|---|---|---|---|
| 008 | |||
| 020 | _a8120324803 (pbk. ) | ||
| 049 | _aMAIN | ||
| 090 | _aT385.554 STE | ||
| 245 | 1 | 0 | _aStep by step Microsoft office powerpoint 2003. |
| 250 | _aEastern Economy Edition. | ||
| 260 |
_aNew Delhi : _bPrentice Hall, _c2004. |
||
| 300 |
_alii, 312 p. : _bill. ; _c25 cm. |
||
| 500 | _aIncludes index. | ||
| 907 |
_a.b10219924 _b14-05-07 _c16-11-06 |
||
| 003 | |||
| 005 | 20230123134412.0 | ||
| 040 | _cNUST | ||
| 942 |
_cBOOKS _kT385.554 STE |
||
| 999 |
_c165308 _d165308 |
||